| 000 | 00523nam a2200169Ia 4500 | ||
|---|---|---|---|
| 008 | 090201s9999 xx 000 0 und d | ||
| 010 | _aKPL-55779 | ||
| 040 | _bमराठी | ||
| 041 | _aमराठी | ||
| 082 |
_a41425 _b55779 |
||
| 100 | _aसीमा नरगुंदकर | ||
| 245 |
_aऋणानूबंध _cसीमा नरगुंदकर |
||
| 260 |
_c2004 _bनीहारा प्रकाशन |
||
| 300 |
_a88 _bमोठा |
||
| 600 | _aऋणानूबंध | ||
| 942 | _cBOOK | ||
| 999 |
_c238632 _d238632 |
||